[Event "Sampa Chess Open 2024"]
[Site "Sao Paulo"]
[Date "2024.02.02"]
[Round "6.56"]
[White "Desideri, Enzo Piuchi"]
[Black "Ruvieri, Valter"]
[Result "1-0"]
[WhiteElo "1730"]
[BlackElo "1067"]
[PlyCount "73"]
[EventDate "2024.01.29"]
[EventRounds "9"]
[EventCountry "BRA"]

1. e4 e5 2. f4 d6 3. Nf3 Nd7 4. Bc4 Be7 ({RR} 4... Nb6 5. Bb3 exf4 6. d4 a5 7.
a4 Ne7 8. Bxf4 Ng6 9. Bg3 Be7 10. c3 O-O 11. Nbd2 c5 12. O-O d5 13. Kh1 Be6 14.
e5 Rc8 15. Bc2 Nc4 16. Nxc4 dxc4 17. Qe2 Qb6 18. Be4 Rfd8 19. Rad1 {King,D 
(2455)-Manouck,T (2290) Gausdal 1994 1-0}) 5. c3 $146 ({RR} 5. O-O Ngf6 6. c3
Nb6 7. fxe5 dxe5 8. Nxe5 O-O 9. Bxf7+ Kh8 10. Bb3 Qe8 11. d4 h6 12. Qd3 Nfd7
13. Nf7+ Kh7 14. e5+ g6 15. Nxh6 {1-0 (15) Schoerghuber,K (1700)-Aigner,G 
(1805) Bad Zwischenahn 2003}) ({RR} 5. d3 c6 6. O-O Ngf6 7. Nc3 O-O 8. a4 Rb8
9. h3 exf4 10. Bxf4 b6 11. g4 Qc7 12. Qd2 Ne5 13. Ba2 Ba6 14. Qh2 Nfd7 15. Nd4
Ng6 16. Nf5 Nde5 17. Bg3 Rbd8 18. Rf2 Kh8 19. d4 Nc4 {Nowak,M (2281)-Auwens,M 
(1879) Wroclaw POL 2019 1-0}) ({RR} 5. O-O Ngf6 6. d3 O-O 7. Nc3 b6 8. Bb5 Bb7
9. Bxd7 Nxd7 10. Be3 c6 11. Qd2 Qc7 12. fxe5 dxe5 13. Bf2 Rad8 14. Qe2 Nc5 15.
Bg3 Bf6 16. d4 Ba6 17. Qe1 Bxf1 18. Kxf1 Nd7 19. Rd1 Rfe8 {Brand,M (1650)
-Wisser,K Zuerich 2004 0-1 (31)}) ({RR} 5. d3 Ngf6 6. O-O O-O 7. Nc3 c6 8. Kh1
h6 9. a4 Qc7 10. Qe1 exf4 11. Bxf4 Ne5 12. Nxe5 dxe5 13. Be3 Qd6 14. Ne2 Ng4
15. Bg1 Be6 16. Bxe6 Qxe6 17. h3 Nf6 18. Ng3 Ne8 19. Nf5 Nd6 {Netusil,J (1997)
-Burianek,P (1866) Rakovnik 2014 1-0 (38)}) 5... exf4 6. d4 Bh4+ 7. Kd2 Nb6 8.
Qb3 Nxc4+ 9. Qxc4 Be6 10. d5 Bg4 11. Kc2 Bg5 12. h4 Bh6 13. Na3 a6 14. Bd2 Qe7
15. Rae1 O-O-O 16. Kb1 Qf6 17. h5 Bxf3 18. gxf3 g6 19. hxg6 hxg6 20. Nc2 Bg7
21. Rxh8 Bxh8 22. Nb4 Ne7 23. Nd3 g5 24. e5 dxe5 25. Nxe5 Qf5+ 26. Kc1 Bxe5 27.
Qe2 Rxd5 28. c4 Bxb2+ 29. Kxb2 Qd7 30. cxd5 Nxd5 31. Rd1 Nb6 32. Bb4 Qa4 33. a3
c5 34. Qd3 Nd7 35. Bxc5 Qc6 36. Bb4 Ne5 37. Qd8# 1-0

[Event "Sampa Chess Open 2024"]
[Site "Sao Paulo"]
[Date "2024.02.03"]
[Round "7.1"]
[White "Fier, Alexandr"]
[Black "Perdomo, Leandro"]
[Result "1/2-1/2"]
[WhiteElo "2549"]
[BlackElo "2382"]
[PlyCount "35"]
[EventDate "2024.01.29"]
[EventRounds "9"]
[EventCountry "BRA"]

1. d4 Nf6 2. c4 g6 3. Nc3 Bg7 4. e4 d6 5. Be2 O-O 6. Nf3 e5 7. O-O Nc6 8. d5
Ne7 9. b4 Ne8 10. c5 f5 11. a4 ({RR} 11. Ba3 Nf6 12. Nd2 Bh6 13. Bd3 Bxd2 14.
Qxd2 f4 15. b5 f3 16. g3 Bh3 17. Qh6 Nh5 18. Nd1 Qd7 19. Ne3 Kh8 20. cxd6 cxd6
21. Rfc1 Rf6 22. Rc2 Ng8 23. Qg5 Ng7 24. Nd1 Bg2 25. Ne3 Bh3 {Peek,M (2348)
-Fier,A (2604) Barcelona 2009 0-1 (48)}) 11... Nf6 12. Nd2 Bh6 ({RR} 12... f4
13. Nc4 g5 14. Nb5 Nxe4 15. f3 a6 16. Nxc7 Nc3 17. Qe1 Qxc7 18. cxd6 Nxe2+ 19.
Qxe2 Qd7 20. dxe7 Qxe7 21. d6 Qe6 22. Bb2 Bd7 23. Rfe1 Rae8 24. Qd3 Qf5 25.
Qxf5 Rxf5 26. h3 h5 27. Nb6 {Berkes,F (2673)-Nyzhnyk,I (2625) Bad Wiessee 2013
1-0 (91)}) ({RR} 12... f4 13. Nc4 g5 14. Nb5 Nxe4 15. f3 a6 16. Nxc7 Nc3 17.
Qe1 Nxe2+ 18. Qxe2 Qxc7 19. cxd6 Qd8 20. dxe7 Qxe7 21. Bb2 Re8 22. d6 Qe6 23.
Nb6 Rb8 24. Rfd1 Rd8 25. Rac1 Bd7 26. Rc7 Be8 27. Rxg7+ {Grinev,V (2441)
-Kislinsky,A (2460) Dnipro UKR 2019 1-0}) 13. exf5 $146 ({RR} 13. a5 fxe4 14.
Ndxe4 Nxe4 15. Nxe4 Bxc1 16. Rxc1 Nf5 17. Bc4 Qh4 18. Qe1 Qe7 19. Qd2 Kh8 20.
Rce1 Bd7 21. f4 Rae8 22. Ng5 h6 23. Ne4 Qg7 24. a6 exf4 25. Rxf4 dxc5 26. axb7
cxb4 27. Nc5 Nd6 {Malek,D (2376)-Weber,U (2432) Hofheim 2014 1-0 (32)}) 13...
gxf5 14. Nc4 f4 15. Bf3 Nf5 16. Ne4 Nd4 17. Nxf6+ Qxf6 18. Bb2 1/2-1/2

[Event "Sampa Chess Open 2024"]
[Site "Sao Paulo"]
[Date "2024.02.03"]
[Round "7.2"]
[White "Passos, Marco Aurelio Novae"]
[Black "Shumyatsky, Victor"]
[Result "0-1"]
[WhiteElo "1671"]
[BlackElo "2457"]
[PlyCount "62"]
[EventDate "2024.01.29"]
[EventRounds "9"]
[EventCountry "BRA"]

1. e4 e5 2. Nf3 Nc6 3. Bc4 Bc5 4. c3 Nf6 5. d4 exd4 6. e5 d5 7. Bb5 Ne4 8. cxd4
Bb6 9. Nc3 O-O 10. h3 ({RR} 10. Be3 f5 11. exf6 Nxf6 12. Bxc6 bxc6 13. Ne5 Ba6
14. Qa4 Qc8 15. Nxc6 Kh8 16. Nb4 Bc4 17. O-O-O c5 18. dxc5 Bxc5 19. Nc6 Bxe3+
20. fxe3 Qe8 21. Nd4 Qxe3+ 22. Kb1 Rab8 23. Qc2 Rb6 24. Rhe1 Qh6 {Leko,P (2741)
-Eljanov,P (2716) Moscow 2008 0-1 (45)}) 10... f6 ({RR} 10... Ne7 11. O-O c6
12. Bd3 f5 13. Nd2 Bxd4 14. Ndxe4 fxe4 15. Bc2 Bxe5 16. Bb3 Kh8 17. Qd2 Ng6 18.
Bd1 Qh4 19. Bc2 Nf4 20. Qe3 d4 21. Qxe4 Nxh3+ 22. gxh3 Qxf2+ 23. Kh1 Qg2+ {
0-1 (23) Tang,Z-Meng,W (1472) Changsha CHN 2019}) 11. O-O fxe5 12. Nxe4 $146 ({
RR} 12. Bxc6 bxc6 13. Nxe5 Ba6 14. Nxe4 Bxf1 15. Ng5 Qf6 16. Qxf1 Bxd4 17. Ng4
Qf5 18. Nf3 Bb6 19. Be3 h5 20. Nge5 Bxe3 21. fxe3 c5 22. Qd3 Qxd3 23. Nxd3 Rab8
24. b3 c4 25. bxc4 dxc4 26. Nde5 c3 {Uruci,E (2123)-Maltezeanu,S (1936) Mamaia
2017 1-0 (44)}) 12... dxe4 13. Bc4+ Kh8 14. Ng5 Bf5 15. Nf7+ Rxf7 16. Bxf7 exd4
17. Qh5 Qd7 18. Bg5 Ne5 19. Bb3 Bg6 20. Qh4 c5 21. Rac1 Nd3 22. Rc2 Bc7 23. Be7
b6 24. a4 Re8 25. Bg5 Qd6 26. g3 Ne5 27. Bf4 Nf3+ 28. Kh1 Qf8 29. Qg4 Bf5 30.
Qh5 Bxf4 31. gxf4 g6 0-1

[Event "Sampa Chess Open 2024"]
[Site "Sao Paulo"]
[Date "2024.02.03"]
[Round "7.3"]
[White "Ticona Rocabado, Licael Roderick"]
[Black "Flores Quillas, Diego Saul Rodri"]
[Result "0-1"]
[WhiteElo "2350"]
[BlackElo "2429"]
[PlyCount "112"]
[EventDate "2024.01.29"]
[EventRounds "9"]
[EventCountry "BRA"]

1. d4 Nf6 2. c4 c5 3. Nf3 cxd4 4. Nxd4 e5 5. Nb5 d5 6. cxd5 Bc5 7. e3 O-O 8.
Bc4 a6 9. N5c3 e4 10. a3 ({RR} 10. Nd2 Re8 11. Qc2 Bf5 12. Nf1 Nbd7 13. Ng3 Bg6
14. O-O Rc8 15. Rd1 Bd6 16. Be2 h5 17. Nf1 h4 18. Bd2 Qe7 19. Be1 Qe5 20. Qa4
Qg5 21. Rd4 Bc5 22. Rdd1 Bf5 23. Kh1 Bd6 24. f4 Qh6 {Stefanova,A (2483)
-Hamdouchi,H (2602) La Roche sur Yon 2007 0-1 (35)}) ({RR} 10. O-O Bd6 11. Be2
Qe7 12. Nd2 b5 13. a3 Bb7 14. Qc2 Re8 15. Rd1 Nbd7 16. Nf1 Rac8 17. Qd2 Nb6 18.
Ng3 Bxg3 19. hxg3 Nbxd5 20. Nxd5 Bxd5 21. Qe1 Bb3 22. Rd4 Red8 23. Rxd8+ Qxd8
24. Bd2 Nd5 {Pavlicek,P (1828)-Brhlik,A (1639) Ceske Budejovice CZE 2019 1-0 
(70)}) 10... Bf5 11. b4 Bd6 12. h3 $146 ({RR} 12. Bb2 Nbd7 13. Be2 Ne5 14. Nd2
Rc8 15. Rb1 Re8 16. Qc2 Re7 17. h3 Rec7 18. Nb3 {0-1 (18) Dharma,S-Gdanski,J 
(2400) Baguio City 1987}) 12... Nbd7 13. Bb2 Qe7 14. Nd2 Rac8 15. Be2 Bg6 16.
Nc4 Bb8 17. Qb3 Rfe8 18. O-O-O b5 19. Na5 Ne5 20. Nc6 Nxc6 21. dxc6 Rxc6 22.
Kb1 Rcc8 23. Nd5 Nxd5 24. Rxd5 Qe6 25. Rc1 Rxc1+ 26. Kxc1 h6 27. Bg4 f5 28. Qc3
Re7 29. Rd8+ Kh7 30. Rxb8 fxg4 31. Qc8 Qxc8+ 32. Rxc8 gxh3 33. gxh3 Bf5 34. Rc6
Bxh3 35. Rxa6 h5 36. Ra5 Bf1 37. a4 Rb7 38. axb5 Bxb5 39. Be5 Kg6 40. Ra8 Kf5
41. Bf4 Kg4 42. Rc8 Bd3 43. Rc5 Rb5 44. Rc7 g5 45. Rg7 h4 46. Kd2 h3 47. Kc3
Kf3 48. Bg3 Kg2 49. Rh7 Rd5 50. Kd2 Rb5 51. Bd6 Rb6 52. Be5 Rb5 53. Bd6 Rf5 54.
Bg3 Rf3 55. Rh5 Rxg3 56. fxg3 h2 0-1

[Event "Sampa Chess Open 2024"]
[Site "Sao Paulo"]
[Date "2024.02.03"]
[Round "7.4"]
[White "Oliveira, Silvio Eduardo"]
[Black "Dos Santos Dutra, Fernando Junior Fre"]
[Result "1/2-1/2"]
[WhiteElo "2297"]
[BlackElo "2262"]
[PlyCount "67"]
[EventDate "2024.01.29"]
[EventRounds "9"]
[EventCountry "BRA"]

1. e4 c6 2. d4 d5 3. e5 Bf5 4. Nf3 e6 5. Be2 c5 6. c3 Nc6 7. O-O cxd4 8. Nxd4
Nge7 9. Nxf5 Nxf5 10. Bd3 g6 11. Re1 ({RR} 11. Qe2 h5 12. Nd2 Bg7 13. Nf3 Nh4
14. Nxh4 Qxh4 15. f4 O-O 16. Be3 Rfd8 17. Rf3 Qe7 18. Bf2 Bh6 19. h3 Kf8 20. b4
Qc7 21. g4 hxg4 22. hxg4 Ke8 23. b5 Ne7 24. b6 axb6 25. Bb5+ Nc6 {Souhardo,B 
(2382)-Srihari,L (2409) Budapest HUN 2021 1-0 (33)}) 11... Bc5 12. Nd2 f6 $146
({RR} 12... Qh4 13. Qe2 O-O 14. Nf3 Qh5 15. Bg5 Be7 16. Bf4 Nh4 17. Nd2 Qxe2
18. Rxe2 g5 19. Bg3 Ng6 20. Rd1 Rfd8 21. h3 Kg7 22. Nf3 Rac8 23. Kf1 a6 24. Bh2
Na5 25. Nd4 Nc4 26. Rde1 Bc5 27. g3 {Ebeling,D (2374)-Baskara,F (1936) Al Ain
2013 1-0 (46)}) ({RR} 12... h6 13. Qe2 Qc7 14. b4 Bb6 15. a4 a5 16. b5 Nce7 17.
Bb2 Qd7 18. Rac1 Rc8 19. Red1 O-O 20. Nb3 Qc7 21. c4 dxc4 22. Bxc4 Rfd8 23.
Bxe6 Rxd1+ 24. Qxd1 Bxf2+ 25. Kh1 Rd8 26. Qe2 Qb6 27. Bc4 {Bok,B (2611)-Yuffa,
D (2502) Moscow 2016 1-0 (43)}) 13. Bxf5 gxf5 14. b4 Bb6 15. Qh5+ Kd7 16. exf6
Qxf6 17. Nf3 a6 18. c4 Rae8 19. b5 axb5 20. cxb5 Qxa1 21. bxc6+ Kc8 22. Qf7
bxc6 23. Bf4 Qb2 24. Rc1 Qb5 25. Ne5 c5 26. Be3 Rhf8 27. Qxh7 Rh8 28. Qf7 Rhf8
29. Qh7 Rh8 30. Qf7 Rhf8 31. Qh7 f4 32. a4 Qxa4 33. Bxc5 Qb5 34. Bd4+ 1/2-1/2

[Event "Sampa Chess Open 2024"]
[Site "Sao Paulo"]
[Date "2024.02.03"]
[Round "7.5"]
[White "Santiago, Yago De Moura"]
[Black "Di Berardino, Diego Rafael"]
[Result "1/2-1/2"]
[WhiteElo "2467"]
[BlackElo "2480"]
[PlyCount "17"]
[EventDate "2024.01.29"]
[EventRounds "9"]
[EventCountry "BRA"]

1. d4 Nf6 2. Nc3 d5 3. Bg5 Nbd7 4. Nf3 h6 5. Bxf6 Nxf6 6. Qd3 c6 7. e4 dxe4 8.
Nxe4 Nxe4 $146 ({RR} 8... Qa5+ 9. c3 Bf5 10. Nxf6+ gxf6 11. Qe3 Rg8 12. g3 e6
13. Nh4 Bh7 14. Bd3 Bxd3 15. Qxd3 Qh5 16. Qe2 Qxe2+ 17. Kxe2 O-O-O 18. f4 c5
19. dxc5 Bxc5 20. Rad1 Kc7 21. Nf3 b5 22. Rd2 Rxd2+ 23. Nxd2 {Rossetto,
H-Bolbochan,J Mar del Plata 1966 1/2-1/2}) ({RR} 8... Qa5+ 9. c3 Bf5 10. Nxf6+
gxf6 11. Qd2 Rg8 12. Bc4 h5 13. Nh4 Be4 14. Qe2 Bh7 15. f4 Rg4 16. g3 e6 17.
O-O O-O-O 18. f5 Bh6 19. Rae1 Bg5 20. fxe6 Bxh4 21. e7 Re8 22. Bxf7 Bxg3 23.
Qxg4+ {Shvidler,E (2430)-Gutman,L (2455) Nathanya 1983 1-0}) 9. Qxe4 1/2-1/2

[Event "Sampa Chess Open 2024"]
[Site "Sao Paulo"]
[Date "2024.02.03"]
[Round "7.6"]
[White "Gemy, Jose Daniel"]
[Black "Filgueiras, Nathan Felipe"]
[Result "1-0"]
[WhiteElo "2329"]
[BlackElo "2321"]
[PlyCount "122"]
[EventDate "2024.01.29"]
[EventRounds "9"]
[EventCountry "BRA"]

1. Nf3 d5 2. g3 Nf6 3. Bg2 e6 4. O-O Be7 5. d3 O-O 6. Nbd2 c5 7. e4 Nc6 8. Re1
b5 9. a4 bxa4 10. exd5 ({RR} 10. Rxa4 a5 11. Nb3 Bd7 12. exd5 exd5 13. Bg5 Re8
14. Bxf6 Bxf6 15. Nxc5 Bxb2 16. Ra2 Bc3 17. Rxe8+ Bxe8 18. Na4 Bf6 19. c3 d4
20. c4 Rb8 21. Nd2 Nb4 22. Ra3 Be7 23. Ne4 Qc7 24. h4 h6 {Ljubojevic,L (2620)
-Panno,O (2520) Manila 1976 0-1 (46)}) ({RR} 10. Rxa4 Rb8 11. exd5 exd5 12. Nb3
Bd7 13. Be3 Nd4 14. Rxa7 Nxb3 15. cxb3 Qb6 16. Qa1 Rfe8 17. Ne5 Be6 18. b4 d4
19. Bf4 Bf8 20. Nc6 Rbc8 21. Ra6 Qb5 22. Na7 Qxd3 23. Nxc8 Rxc8 24. bxc5 {
1-0 (24) Gabuzyan,H (2610)-Liu,B (2230) Las Vegas USA 2019}) 10... exd5 11.
Rxa4 h6 12. Nb3 $146 ({RR} 12. b3 Be6 13. Bb2 Nd7 14. Qa1 Bf6 15. Bxf6 Nxf6 16.
Ne5 Nd4 17. Qc3 Nd7 18. Ndf3 Nxe5 19. Nxe5 Qb6 20. Nf3 Bd7 21. Nxd4 Bxa4 22.
Nf5 d4 23. Qd2 Bd7 24. Bxa8 Rxa8 25. Qf4 Kf8 26. Nd6 f6 {Petrosian,T (2322)
-Volokitin,A (2447) Artek 2000 1-0}) 12... Re8 13. Ne5 Nxe5 14. Rxe5 Be6 15.
Bd2 Qc7 16. Re1 Bd6 17. Qa1 Re7 18. Ba5 Qb7 19. Bc3 Nh7 20. Na5 Qc8 21. b3 d4
22. Bd2 Bh3 23. Bh1 Rxe1+ 24. Qxe1 Nf6 25. Nc4 Bc7 26. Qe7 Bd8 27. Qb7 Rb8 28.
Qxc8 Rxc8 29. Rxa7 Rc7 30. Rxc7 Bxc7 31. Ba5 Bxa5 32. Nxa5 Bc8 33. Bb7 Bxb7 34.
Nxb7 Nd7 35. g4 Kf8 36. Kg2 Ke7 37. Kf3 Ke6 38. h4 g5 39. h5 f5 40. gxf5+ Kxf5
41. Nd6+ Ke6 42. Ne4 Kf5 43. Kg3 g4 44. Kh2 Ke5 45. Kg3 Kf5 46. f4 gxf3 47.
Kxf3 Ne5+ 48. Kg2 Ng4 49. Kf3 Ne5+ 50. Kf2 Kg4 51. Nxc5 Kxh5 52. b4 Kg6 53. Ne6
Nc6 54. b5 Kf5 55. bxc6 Kxe6 56. Kf3 h5 57. Kf4 Kd6 58. Kg5 Kxc6 59. Kxh5 Kd5
60. Kg4 Ke5 61. Kg5 Kd5 1-0

[Event "Sampa Chess Open 2024"]
[Site "Sao Paulo"]
[Date "2024.02.03"]
[Round "7.7"]
[White "Silva, Kaua Marques"]
[Black "Matsuura, Everaldo"]
[Result "1/2-1/2"]
[WhiteElo "2142"]
[BlackElo "2410"]
[PlyCount "104"]
[EventDate "2024.01.29"]
[EventRounds "9"]
[EventCountry "BRA"]

1. e4 g6 2. d4 Bg7 3. Nc3 c6 4. Be3 d5 5. e5 Nh6 6. Qd2 Nf5 7. Bf4 h5 ({RR} 
7... f6 8. Nf3 g5 9. exf6 exf6 10. Bxb8 Rxb8 11. h3 O-O 12. O-O-O b5 13. Bd3
Nd6 14. g4 Qa5 15. Kb1 Nc4 16. Bxc4 bxc4 17. Ne2 Qa3 18. c3 Rf7 19. Ka1 Qa5 20.
Rb1 Rfb7 21. Nc1 Be6 22. Qc2 {Prraneeth,V (2417)-Sychev,K (2553) chess.com INT
2022 0-1 (38)}) 8. Nf3 ({RR} 8. h4 b6 9. Nf3 Ba6 10. Bxa6 Nxa6 11. e6 fxe6 12.
Ne5 Bxe5 13. Bxe5 Rg8 14. g4 hxg4 15. Qe2 Nb8 16. O-O-O Nd7 17. Bf4 Nf6 18.
Qxe6 Qd7 19. Qe5 Qd6 20. Rde1 Qxe5 21. Rxe5 Nxd4 22. Rhe1 Rg7 {Gonzalez de la
Torre,S (2459)-Svetushkin,D (2543) Monzon 2016 0-1}) 8... b5 9. Bd3 Na6 10. a4
$146 ({RR} 10. Ne2 h4 11. h3 Be6 12. a4 Nc7 13. Bxf5 Bxf5 14. Bg5 Be4 15. Neg1
Ne6 16. Bxh4 Bh6 17. Qc3 Qb6 18. Bg3 b4 19. Qb3 Nxd4 20. Nxd4 Qxd4 21. Rd1 Qc5
22. c3 bxc3 {1-0 (22) Moroney,T (1720)-Beshore,B (1654) Kalamazoo 2003}) 10...
b4 11. Ne2 Qb6 12. a5 Qb7 13. Bxa6 Qxa6 14. Qxb4 Qc4 15. Qd2 c5 16. b3 Qb5 17.
O-O O-O 18. dxc5 Qxc5 19. Ned4 Nxd4 20. Nxd4 Ba6 21. Rfe1 Rac8 22. Re3 e6 23.
c3 Rc7 24. b4 Qc4 25. Rae1 Rb8 26. Rf3 Bf8 27. h3 Rxb4 28. Bh6 Rb8 29. Bxf8
Rxf8 30. Qh6 Qc5 31. g4 h4 32. Ree3 Re8 33. Rf6 Qf8 34. Qxh4 Qg7 35. Ref3 Rb7
36. Kg2 Bc4 37. Qg5 Ba2 38. a6 Rd7 39. Qc1 Rb8 40. Qa3 Bb1 41. Nc6 Re8 42. Kh2
Qh6 43. Qb2 Be4 44. Rg3 Qg5 45. f4 Qh4 46. Nd4 Qh6 47. Rg1 Qf8 48. Ne2 Rb8 49.
Qd2 Qa3 50. f5 Rb2 51. Qe3 Qxa6 52. Qf2 Qd3 1/2-1/2

[Event "Sampa Chess Open 2024"]
[Site "Sao Paulo"]
[Date "2024.02.03"]
[Round "7.8"]
[White "Perez Gormaz, Matias"]
[Black "Saito, Vinicius"]
[Result "1-0"]
[WhiteElo "2388"]
[BlackElo "2147"]
[PlyCount "69"]
[EventDate "2024.01.29"]
[EventRounds "9"]
[EventCountry "BRA"]

1. e4 c5 2. Nf3 Nc6 3. Bb5 Nf6 4. Nc3 g6 5. e5 Nh5 ({RR} 5... Ng4 6. Qe2 Bg7 7.
Bxc6 dxc6 8. h3 Nh6 9. g4 O-O 10. d3 f6 11. Bf4 Nxg4 12. hxg4 fxe5 13. Ng5 Rxf4
14. f3 h6 15. Nh3 Rb4 16. O-O-O Qa5 17. Nf2 Be6 18. Nfe4 Bd5 19. Qe3 Bxe4 20.
fxe4 {Yakovich,Y (2560)-Shariyazdanov,A (2592) Kazan 2005 1/2-1/2 (44)}) ({RR} 
5... Ng4 6. Qe2 Bg7 7. Bxc6 dxc6 8. h3 Nh6 9. d3 O-O 10. O-O b6 11. Bg5 f6 12.
Bf4 Nf5 13. Rfe1 Nd4 14. Nxd4 cxd4 15. Ne4 f5 16. Nd2 Be6 17. Qf3 c5 18. Qg3
Bd5 19. Nf3 Bxf3 20. Qxf3 {Willow,J (2381)-Fawzy,A (2477) chess.com INT 2021
0-1 (36)}) 6. O-O Bg7 7. Re1 Nf4 $146 ({RR} 7... O-O 8. d3 f5 9. exf6 Nxf6 10.
Bg5 d6 11. h3 Nd4 12. Bc4+ e6 13. Nxd4 cxd4 14. Ne2 Qb6 15. Bb3 Bd7 16. Qd2 Kh8
17. Ng3 d5 18. Re2 a5 19. a4 Rf7 20. Bh6 Qb4 21. Qxb4 axb4 22. Bd2 {Hardicsay,
P (2360)-Meszaros,A (2395) Hungary 1994 0-1 (89)}) 8. d4 cxd4 9. Nxd4 Ne6 10.
Nxe6 fxe6 11. Bf4 O-O 12. Bg3 Qb6 13. a4 a6 14. Bxc6 Qxc6 15. Qd4 b6 16. Qe4
Bb7 17. Qxc6 Bxc6 18. Ne2 Rfc8 19. Nd4 b5 20. axb5 axb5 21. c3 Kf7 22. h4 g5
23. h5 h6 24. f3 Ra4 25. Rxa4 bxa4 26. Ra1 Rb8 27. Nxc6 dxc6 28. Rxa4 Rxb2 29.
f4 Re2 30. fxg5 hxg5 31. Rg4 Bxe5 32. Kf1 Re3 33. Kf2 Rxg3 34. Rxg3 Bxg3+ 35.
Kxg3 1-0

[Event "Sampa Chess Open 2024"]
[Site "Sao Paulo"]
[Date "2024.02.03"]
[Round "7.9"]
[White "Do Nascimento, Christian Almeida"]
[Black "Melian, Juan Sebastian"]
[Result "1-0"]
[WhiteElo "2123"]
[BlackElo "2238"]
[PlyCount "69"]
[EventDate "2024.01.29"]
[EventRounds "9"]
[EventCountry "BRA"]

1. e4 c5 2. c3 Nf6 3. e5 Nd5 4. Nf3 e6 5. d4 cxd4 6. cxd4 b6 7. Nc3 Bb7 8. Be2
({RR} 8. Bc4 Nxc3 9. bxc3 Qc7 10. Qd3 d5 11. exd6 Bxd6 12. O-O Nd7 13. Bd2 O-O
14. h3 Bxf3 15. gxf3 Bf4 16. Be1 Nf6 17. a4 Nd5 18. Kh1 Qd8 19. Rg1 Qh4 20. Qf1
h5 21. a5 {1/2-1/2 (21) Leyva Proenza,R (2400)-Vazquez Igarza,R (2393) Havana
2001}) ({RR} 8. Bc4 Nxc3 9. bxc3 Qc7 10. Qd3 Be7 11. O-O h6 12. Bf4 g5 13. Bg3
h5 14. h4 g4 15. Nd2 Qd8 16. Ne4 Bxe4 17. Qxe4 Nc6 18. d5 Na5 19. d6 Nxc4 20.
dxe7 Qc8 21. Qf4 Qc5 22. Qf6 Rh7 {Kucuk,A (1230)-Celik,E (1963) Antalya TUR
2019 0-1 (67)}) 8... Be7 9. O-O O-O 10. Bd3 $146 ({RR} 10. Bc4 Nc7 11. Be3 Nc6
12. Rc1 Rc8 13. Qd2 Nb4 14. Be2 Nbd5 15. a3 Nxc3 16. bxc3 Bxa3 17. Ra1 Be7 18.
Rxa7 Bc6 19. Rfa1 Ra8 20. Rxa8 Bxa8 21. Qb2 Qb8 22. Rb1 Be4 23. Ra1 b5 24. Nd2
Bf5 {Walek,P-Svoboda,M Frydek Mistek 2007 1-0}) ({RR} 10. Be3 Nxc3 11. bxc3 Na6
12. Nd2 Nc7 13. c4 d6 14. f4 dxe5 15. fxe5 Bg5 16. Bxg5 Qxg5 17. Bf3 Qe3+ 18.
Kh1 Bxf3 19. Nxf3 Rfd8 20. Qc1 Qxc1 21. Raxc1 h6 22. Rfd1 Rac8 23. Kg1 b5 24.
c5 Nd5 {Bellaiche,E (1858)-Kafetzi,A (1660) Kemer 2009 1-0 (47)}) 10... Nxc3
11. bxc3 d6 12. Qe2 Nd7 13. Re1 Qc7 14. Bf4 Rac8 15. Rac1 Bxf3 16. Qxf3 dxe5
17. dxe5 Nc5 18. Bb1 Rfd8 19. Re3 g6 20. Qg3 Kg7 21. h4 h5 22. Bg5 Rd5 23. Rce1
Bxg5 24. Qxg5 Qd8 25. Qf4 Rd1 26. Bc2 Rxe1+ 27. Rxe1 Rc7 28. Re3 Qd2 29. Qf6+
Kh7 30. Bb3 Rd7 31. Kh2 b5 32. g4 hxg4 33. h5 g3+ 34. Rxg3 Qh6 35. Bc2 1-0

[Event "Sampa Chess Open 2024"]
[Site "Sao Paulo"]
[Date "2024.02.03"]
[Round "7.10"]
[White "Cunha, Lucas Aguiar"]
[Black "Vargas, Gabriela"]
[Result "1-0"]
[WhiteElo "2230"]
[BlackElo "2084"]
[PlyCount "99"]
[EventDate "2024.01.29"]
[EventRounds "9"]
[EventCountry "BRA"]

1. e4 e6 2. d4 d5 3. exd5 exd5 4. Bd3 Bd6 5. Qf3 Qe7+ ({RR} 5... h6 6. Ne2 Nf6
7. h3 O-O 8. Bf4 Bxf4 9. Qxf4 Nc6 10. c3 Ne7 11. Nd2 Ng6 12. Qh2 Nh4 13. O-O-O
Bf5 14. Bxf5 Nxf5 15. Qf4 Nd6 16. Ng3 Nd7 17. Rde1 Qg5 18. Qxg5 hxg5 19. Re7
Rad8 20. Nf3 {Todorov,T (2505)-Gasthofer,A (2450) Germany 2009 1/2-1/2 (35)}) (
{RR} 5... h6 6. Nc3 c6 7. Nge2 Nf6 8. h3 Nbd7 9. O-O Nf8 10. Re1 Ne6 11. Ng3
O-O 12. Nf5 Ng5 13. Bxg5 hxg5 14. Ne2 g6 15. Nxd6 Qxd6 16. Qg3 Qxg3 17. Nxg3
Re8 18. Rxe8+ Nxe8 19. Re1 Kf8 20. Re5 {Monteiro,J (1851)-Fidalgo,D (2087)
Vila Nova de Famalicao POR 2019 0-1 (76)}) 6. Ne2 Nf6 7. h3 Nc6 8. c3 $146 ({RR
} 8. O-O Ne4 9. Nbc3 Nxc3 10. bxc3 Be6 11. Nf4 Bxf4 12. Bxf4 Na5 13. Qg3 O-O-O
14. Rfe1 g6 15. Bg5 f6 16. Bf4 Rde8 17. Re2 Qd7 18. Rae1 Bf7 {1/2-1/2 (18)
Kalinina,O (2168)-Melnichenko,A (2219) Kishinev 2007}) 8... h6 9. Be3 g5 10. g4
Bd7 11. Nd2 O-O-O 12. O-O-O Rde8 13. Ng3 Bxg3 14. Qxg3 Ne4 15. Nxe4 dxe4 16.
Bc2 Kb8 17. d5 Ne5 18. Bd4 Rhf8 19. Qe3 b6 20. d6 cxd6 21. Bxb6 Bc6 22. Bd4
Nd3+ 23. Bxd3 exd3 24. Rhe1 Qxe3+ 25. Rxe3 Rxe3 26. Bxe3 Be4 27. f3 Bxf3 28.
Rxd3 Bg2 29. Rxd6 Bxh3 30. Rxh6 Bxg4 31. Bxg5 f5 32. Bf4+ Kb7 33. Rh7+ Kb6 34.
Be3+ Kc6 35. Bxa7 f4 36. b3 f3 37. Rh2 Re8 38. c4 Bf5 39. Rf2 Re1+ 40. Kd2 Re2+
41. Kc3 Bb1 42. a4 Re7 43. Bd4 Be4 44. b4 Rh7 45. b5+ Kb7 46. a5 Rh1 47. a6+
Kc8 48. b6 Rc1+ 49. Kb4 Rb1+ 50. Kc5 1-0

[Event "Sampa Chess Open 2024"]
[Site "Sao Paulo"]
[Date "2024.02.03"]
[Round "7.12"]
[White "Batista, Renato Luiz"]
[Black "Kropff, Ricardo"]
[Result "1-0"]
[WhiteElo "2174"]
[BlackElo "2052"]
[PlyCount "89"]
[EventDate "2024.01.29"]
[EventRounds "9"]
[EventCountry "BRA"]

1. e4 e5 2. Nf3 Nc6 3. Bb5 a6 4. Ba4 d6 5. Bxc6+ bxc6 6. d4 exd4 7. Qxd4 c5 ({
RR} 7... Nf6 8. b3 c5 9. Qd3 Bb7 10. Nc3 Nxe4 11. Nxe4 Qe7 12. O-O Bxe4 13. Qc3
Qf6 14. Qxf6 gxf6 15. Re1 f5 16. Ng5 Bg7 17. Nxe4 Bxa1 18. Nxd6+ Kd7 19. Nxf5
Rhe8 20. Rd1+ Ke6 21. g4 Rad8 22. Rf1 {Timman,J (2660)-Portisch,L (2630)
Tilburg 1988 1-0 (44)}) 8. Qe3 ({RR} 8. Qd1 Be7 9. O-O Nf6 10. Nc3 O-O 11. e5
Ne8 12. Bf4 Bb7 13. Re1 d5 14. Bg3 c6 15. Qd2 Nc7 16. Rad1 Ne6 17. Ne2 a5 18.
Nf4 a4 19. a3 Qb6 20. c3 Ba6 21. Bh4 Bxh4 22. Nxh4 Nxf4 {Balabayeva,X (2308)
-Salinas Herrera,P (2513) chess.com INT 2021 0-1 (34)}) 8... Be7 9. O-O $146 ({
RR} 9. Nc3 Bb7 10. O-O Nf6 11. h3 O-O 12. b3 Re8 13. Bb2 Bf8 14. Rfe1 Nxe4 15.
Qf4 Nxc3 16. Bxc3 Qd7 17. Nh2 Qc6 18. Qg3 h5 19. Nf3 Re4 20. Ng5 h4 21. Qh2
Rxe1+ 22. Rxe1 c4 23. b4 d5 {Hasangatin,R (2496)-Palchun,G (2441) Sochi 2017
0-1 (112)}) 9... Nf6 10. Nc3 O-O 11. Rd1 Bb7 12. h3 Nd7 13. Nd5 Bxd5 14. exd5
Bf6 15. Rb1 Re8 16. Qd3 Qb8 17. Bd2 Qb5 18. c4 Qa4 19. Bc3 Qxa2 20. Nd2 Bxc3
21. Qxc3 Reb8 22. Re1 Qa4 23. Re7 Ne5 24. b3 Qb4 25. Qxb4 cxb4 26. Rxc7 a5 27.
Ne4 Rb6 28. f4 Nd3 29. Kh2 f5 30. Ng5 Nc5 31. Ne6 Nxe6 32. dxe6 Re8 33. Re1 Ra6
34. Rb7 h6 35. g4 fxg4 36. hxg4 Kf8 37. Rf7+ Kg8 38. f5 a4 39. bxa4 Rxa4 40.
Rd1 Rf8 41. Rb7 Ra2+ 42. Kg3 Re2 43. Rxd6 Re4 44. Rdd7 Rxc4 45. Rxg7+ 1-0